000 00423nam a22001697a 4500
999 _c1849
_d1848
005 20210828163439.0
008 160526b xxu||||| |||| 00| 0 eng d
020 _a978-0-07-058155-5
041 _aeng
082 _b5285
_a657
100 _aMukherjee, A & Hanif M
_9489
245 _aFinancial Accounting
260 _aNew Delhi
_bAcademic Faundation
_c2008
300 _a40.28
650 _aManagement
_9241
942 _cBK